[Event "ch-CZE"]
[Site "Karlovy Vary CZE"]
[Date "2004.02.25"]
[Round "9"]
[White "Voloshin,L"]
[Black "Haba,P"]
[Result "1/2-1/2"]
[WhiteElo "2522"]
[BlackElo "2524"]

1.d4 Nf6 2.Nf3 e6 3.c4 Bb4+ 4.Bd2 Qe7 5.g3 Nc6 6.Bg2 Bxd2+ 7.Nbxd2 d6 8.O-O O-O
9.e4 e5 10.d5 Nb8 11.Ne1 Na6 12.Nd3 Bg4 13.Qc2 Be2 14.Rfe1 Bxd3 15.Qxd3  1/2-1/2

[Event "Aeroflot Open"]
[Site "Moscow RUS"]
[Date "2004.02.25"]
[Round "9"]
[White "Sargissian,G"]
[Black "Spraggett,K"]
[Result "1/2-1/2"]
[WhiteElo "2618"]
[BlackElo "2536"]

1.d4 Nf6 2.c4 e6 3.Nf3 Bb4+ 4.Bd2 a5 5.g3 d6 6.Bg2 Nbd7 7.O-O e5 8.Nc3 exd4
9.Nxd4 O-O 10.Nd5 Bxd2 11.Qxd2 c6 12.Nc3 Nc5 13.Nb3 Be6 14.Rfd1 Nxb3 15.axb3 Qb6
16.Qc2 Rfd8 17.Rd2 d5 18.Na4 Qb4 19.Rad1 Re8 20.cxd5 Bxd5 21.Bxd5 Nxd5 22.Nc5 Nf6
23.Rd4 Qb5 24.e3 h6 25.Rd6 Re7 26.Rxf6 gxf6 27.Rd6 b6 28.Nd7 Rxd7 29.Rxd7 a4
30.bxa4 Rxa4 31.Kg2 Ra1 32.Rd3 c5 33.e4 Re1 34.Kf3 Kg7 35.Qd2 Qc4 36.Re3 Rxe3+
37.Kxe3 Qb3+ 38.Qc3 Qe6 39.h4 Qd6 40.Qc4 Qd1 41.Qc3 Qd6 42.Qd3 Qe5 43.b3 Qb2
44.Kf3 Qe5 45.Kg2 b5 46.Qxb5 Qxe4+ 47.Kg1 Qe1+ 48.Qf1 Qc3 49.Qc4 Qe5 50.Kg2 Kf8
51.Qd3 Kg7 52.Kf3 Qh5+ 53.Kf4 Qe5+ 54.Kg4 Qe6+ 55.Kf3 Qe5 56.Qc4 Qf5+ 57.Ke3 Qe5+
58.Kd3 Qf5+ 59.Ke3 Qe5+ 60.Kf3 Qf5+ 61.Kg2 Qe5 62.Qd3 Qe6 63.f4 Qc6+ 64.Kf2 Qe6
65.Kf3 h5 66.f5 Qe5 67.Kf2 Qb2+ 68.Ke3 Qe5+ 69.Kd2 Qb2+ 70.Kd1 Qa1+ 71.Kc2 Qa2+
72.Kc3 Qa1+ 73.Kd2 Qb2+ 74.Ke3 Qe5+ 75.Kf3 Qe1 76.Kg2 Qe5 77.Qf3 Qb2+ 78.Kh3 Qc1
79.g4 hxg4+ 80.Qxg4+ Kh7 81.Qc4 Qe3+ 82.Kg4 Kg7 83.Qc2 Kh6 84.Qc4 Kg7 85.Qd5 Qg1+
86.Kh3 Qe3+ 87.Kg2 Qe2+ 88.Kh3 Qe3+ 89.Kg2 Qe2+ 90.Kg3 Qe1+ 91.Kg4 Qg1+ 92.Kh5 Kf8
93.Qa8+ Kg7 94.Qd5 Kf8 95.Qd6+ Kg7 96.Qf4 Kf8 97.Qc4 Qd1+ 98.Kh6 Qd4 99.Kh5 Qd1+
100.Kh6 Qd4 101.Kh5 Qd1+ 102.Kh6  1/2-1/2

[Event "TCh-SWE 2003-4"]
[Site "Goteborg SWE"]
[Date "2004.02.28"]
[Round "8"]
[White "Degerman,L"]
[Black "Jonsson,M"]
[Result "1-0"]
[WhiteElo "2492"]
[BlackElo "2320"]

1.d4 Nf6 2.Nf3 e6 3.c4 Bb4+ 4.Bd2 a5 5.g3 d6 6.Bg2 Nbd7 7.O-O e5 8.Nc3 exd4
9.Nxd4 O-O 10.Nd5 Bxd2 11.Qxd2 c6 12.Nc3 Nc5 13.e4 Re8 14.Rfe1 Qb6 15.h3 Be6
16.b3 a4 17.Rab1 axb3 18.axb3 h6 19.Kh2 Ra3 20.b4 Na4 21.Ncb5 cxb5 22.Nxb5 Ra2
23.Qxa2 Qxb5 24.cxb5 Bxa2 25.Ra1 Bb3 26.Ra3 Bc2 27.Rc1 Bxe4 28.Rxa4 Bxg2
29.Kxg2 Nd5 30.Ra7 b6 31.Rd7 Re2 32.Rxd6 Nxb4 33.Rc8+ Kh7 34.Rc7 Rb2 35.Rxf7 Na2
36.Rxb6  1-0

[Event "21st Open"]
[Site "Reykjavik ISL"]
[Date "2004.03.07"]
[Round "1"]
[White "Markus,R"]
[Black "Ptacnikova,L"]
[Result "1-0"]
[WhiteElo "2527"]
[BlackElo "2214"]

1.d4 Nf6 2.c4 e6 3.Nf3 Bb4+ 4.Bd2 a5 5.g3 b6 6.Bg2 Bb7 7.O-O Bxd2 8.Nbxd2 d6
9.Qc2 Nbd7 10.e4 e5 11.Rad1 exd4 12.Nxd4 O-O 13.Nb1 Re8 14.Nc3 Nc5 15.Rfe1 Nfd7
16.b3 Ne5 17.f4 Nc6 18.Ndb5 f6 19.a3 Qd7 20.Nd5 Na6 21.Qc3 Ne7 22.Ndxc7 Nxc7
23.Nxd6 Bc6 24.Nxe8 Qxe8 25.Rd6 Nc8 26.Rd2 Ne7 27.Red1 Ne6 28.b4 Kf7 29.h4 Qb8
30.Qe3 axb4 31.axb4 Ra4 32.Qb3 Qa7 33.f5 Nc7 34.b5 Ra3 35.Qb4 Ra4 36.Qd6 Be8
37.c5  1-0

[Event "ch-PER"]
[Site "Lima PER"]
[Date "2004.03.11"]
[Round "5.1"]
[White "Cruz,F"]
[Black "Salazar,C"]
[Result "1-0"]
[WhiteElo "2327"]
[BlackElo "2181"]

1.d4 Nf6 2.c4 e6 3.Nf3 Bb4+ 4.Bd2 Qe7 5.e3 Bxd2+ 6.Qxd2 d6 7.Nc3 e5 8.dxe5 dxe5
9.Be2 e4 10.Nd4 O-O 11.O-O c5 12.Nb3 Rd8 13.Qc2 Nc6 14.Rfd1 Bf5 15.Nd5 Nxd5
16.cxd5 Nb4 17.Qxc5 Qxc5 18.Nxc5 b6 19.Nb3 Nxd5 20.Nd4 Ne7 21.Kf1 Bd7 22.Ke1 Kf8
23.Rac1 Rac8 24.Ba6 Rxc1 25.Rxc1 Nf5 26.Nxf5 Bxf5 27.Rc7 Be6 28.b3 Rd7 29.Rxd7 Bxd7
30.Kd2 Ke7 31.Kc3 Kd6 32.Kd4 f5 33.h4 g6 34.b4 h6 35.a3 g5 36.hxg5 hxg5 37.g4 fxg4
38.Bb7 Be6 39.Bxe4 Bd7 40.Bd5 Ba4 41.e4 Bc2 42.Bb7 Bd1 43.Bc8 Be2 44.e5+ Kc6
45.Ke4 Kb5 46.e6 g3 47.Bd7+ Kc4 48.fxg3 Bg4 49.Ke5 Kb3 50.Kd6 Kxa3 51.e7 Bh5
52.g4 Bg6 53.Ke5 Kxb4 54.Kf6  1-0

[Event "Dos Hermanas Internet Final"]
[Site "ICC INT"]
[Date "2004.03.13"]
[Round "2.3"]
[White "Riazantsev,A"]
[Black "Jedynak,R"]
[Result "1-0"]
[WhiteElo "2576"]
[BlackElo "2428"]

1.d4 e6 2.c4 Nf6 3.Nf3 Bb4+ 4.Bd2 Qe7 5.g3 Bxd2+ 6.Qxd2 Nc6 7.Nc3 d6 8.Bg2 O-O
9.O-O Bd7 10.e4 e5 11.d5 Nb8 12.b4 a5 13.a3 b6 14.Rfb1 Na6 15.Ne1 Ra7 16.Nd3 Rfa8
17.bxa5 bxa5 18.Nb5 Bxb5 19.cxb5 Nb8 20.a4 Nbd7 21.Rc1 Nc5 22.Nxc5 dxc5 23.Qc3 Kf8
24.Qxc5 Qxc5 25.Rxc5 Ke7 26.Rac1 Ne8 27.f4 f6 28.Rc6 Rb8 29.fxe5 fxe5 30.Re6+ Kf7
31.Rxe5 Nf6 32.Re6 Re8 33.e5 Nd7 34.Rf1+  1-0

[Event "TCh-FIN 2003-4"]
[Site "Finland FIN"]
[Date "2004.03.14"]
[Round "9"]
[White "Nokso Koivisto,An"]
[Black "Lehtivaara,P"]
[Result "0-1"]
[WhiteElo "2239"]
[BlackElo "2323"]

1.Nf3 e6 2.d4 Nf6 3.c4 Bb4+ 4.Bd2 c5 5.Bxb4 cxb4 6.Nbd2 O-O 7.e4 d6 8.Bd3 Nc6
9.O-O e5 10.d5 Nb8 11.a3 Na6 12.axb4 Nxb4 13.Be2 Nd7 14.Ne1 Nc5 15.Nc2 Qb6
16.Nxb4 Qxb4 17.Qc2 Bd7 18.Ra3 f5 19.exf5 Bxf5 20.Qc3 Qxc3 21.Rxc3 a5 22.Ra3 a4
23.Rfa1 Ra6 24.Bd1 Bd7 25.b4 axb3 26.Nxb3 Nxb3 27.Bxb3 Rfa8 28.Rxa6 Rxa6
29.Rxa6 bxa6 30.Kf1 Kf7 31.Ke2 Ke7 32.Kd3 Kd8 33.Kc3 Kc7 34.Bc2 h6 35.g3 Kb6
36.Bb1 Kc5 37.Bc2 Bh3 38.Bd3 Bg4 39.h4 a5 40.Bf1 Bc8 41.Kb3 Ba6 42.Be2 a4+
43.Kxa4 Bxc4 44.Bg4 Bxd5 45.Ka3 Kd4 46.Kb2 e4 47.Kc2 e3 48.Kd1 Bc4 49.Ke1 d5
50.Bf3 exf2+ 51.Kxf2 Bd3 52.Bg4 Be4 53.Ke2 Kc3 54.Be6 d4 55.Bg4 Bc2 56.Ke1 d3  0-1

[Event "TCh-AUT 2003-4"]
[Site "Jenbach AUT"]
[Date "2004.03.20"]
[Round "10"]
[White "Boensch,U"]
[Black "Bischoff,K"]
[Result "1/2-1/2"]
[WhiteElo "2545"]
[BlackElo "2561"]

1.d4 Nf6 2.c4 e6 3.Nf3 Bb4+ 4.Bd2 Bxd2+ 5.Qxd2 O-O 6.Nc3 d5 7.e3 Qe7 8.Rc1 Rd8
9.a3 dxc4 10.Bxc4 c5 11.O-O Bd7 12.dxc5 Qxc5 13.Qd4 Qxd4 14.Nxd4 Nc6 15.Nxc6 Bxc6
16.Rfd1 Kf8  1/2-1/2

[Event "TCh-BEL 2003-4"]
[Site "Belgium BEL"]
[Date "2004.03.23"]
[Round "11"]
[White "Goossens,E"]
[Black "Nieto,E"]
[Result "1/2-1/2"]
[WhiteElo "2242"]
[BlackElo "2161"]

1.d4 Nf6 2.Nf3 e6 3.c4 Bb4+ 4.Bd2 c5 5.Bxb4 cxb4 6.g3 b6 7.Bg2 Bb7 8.Nbd2 O-O
9.O-O d6 10.Ne1 Bxg2 11.Nxg2 Qe7 12.a3 bxa3 13.Rxa3 Nc6 14.Nf3 Nb4 15.Ne3 Rfc8
16.d5 exd5 17.cxd5 Rc5 18.Qd4 Nbxd5 19.Rd1 Nc7 20.b4 Rc6 21.Nf5 Qf8 22.Qb2 Nb5
23.N3d4 Nxd4 24.Qxd4 d5 25.b5 Re6 26.Rda1 Qb8 27.Qb2 Qb7 28.e3 Qd7 29.Nd4 Re4
30.Ra6 h5 31.Qe2 h4 32.Qf3 Ng4 33.Qf5 Qxf5 34.Nxf5 Rb4 35.Nd4 hxg3 36.hxg3 Rb2
37.R1a2 Rxa2 38.Rxa2 Kf8 39.Nc6 Ke8 40.Kg2 Kd7 41.Nb4 Nf6 42.f3 Kc7 43.g4 Kb7
44.g5 Ne8 45.Nxd5 Nd6 46.Rb2 Rc8 47.g6 fxg6 48.Rb3 Rc5 49.Nc3 a6 50.bxa6+ Kxa6
51.Kg3 b5 52.e4 Ka5 53.Kg4 b4 54.Nd5 Rc4 55.Rxb4 Rxb4 56.Nxb4 Kxb4 57.Kg5 Nf7+  1/2-1/2

[Event "IV Open"]
[Site "Dos Hermanas ESP"]
[Date "2004.03.30"]
[Round "6"]
[White "Lalic,B"]
[Black "Barrientos,S"]
[Result "1-0"]
[WhiteElo "2518"]
[BlackElo "2425"]

1.d4 Nf6 2.c4 e6 3.Nf3 Bb4+ 4.Bd2 Qe7 5.g3 b6 6.Bg2 Bb7 7.O-O Bxd2 8.Qxd2 d6
9.Nc3 Nbd7 10.d5 O-O 11.Nd4 exd5 12.cxd5 Nc5 13.b4 Nce4 14.Nxe4 Nxe4 15.Qd3 Rfe8
16.f3 Nf6 17.e4 a5 18.a3 Nd7 19.Qc3 Qf6 20.Rad1 axb4 21.axb4 Ba6 22.Rf2 Ne5
23.Rc2 g5 24.Nc6 Bb5 25.Nxe5 dxe5 26.Rdc1 Re7 27.Qe3 Ra7 28.Bf1 Be8 29.Bh3 Qh6
30.Bf5 Kg7 31.Qd2 Ba4 32.Ra2 Qh5 33.Bg4 Qg6 34.b5 Re8 35.Rc6 f6 36.d6 cxd6
37.Qxd6 Qf7 38.Rxa4  1-0

[Event "IV Open"]
[Site "Dos Hermanas ESP"]
[Date "2004.04.01"]
[Round "8"]
[White "Borovikov,V"]
[Black "Cifuentes Parada,R"]
[Result "1/2-1/2"]
[WhiteElo "2578"]
[BlackElo "2505"]

1.d4 Nf6 2.Nf3 e6 3.c4 Bb4+ 4.Bd2 Bxd2+ 5.Qxd2 d5 6.g3 O-O 7.Bg2 Nbd7 8.O-O c6
9.Rc1 Qe7 10.Na3 Re8 11.e3 Rd8 12.Qc3 a5 13.Ne5 Nxe5 14.dxe5 Nd7 15.e4 dxe4
16.Bxe4 Qc5 17.Re1 Nxe5 18.Bxh7+ Kxh7 19.Rxe5 Qd4 20.Rh5+ Kg8 21.Qf3 Qxb2
22.Re1 Qf6 23.Qe3 e5 24.Rxe5 Be6 25.f4 g6 26.h4 Bf5 27.Qf2 Rd3 28.Nc2 Rad8
29.Ne3 Bc8 30.g4 Qd6 31.h5 Qd4 32.hxg6 fxg6 33.Qh4 Rf8 34.Qh6 Qd6 35.c5 Qf6
36.Rg5 Kf7 37.Nf5 Re8 38.Qh7+ Kf8 39.Qh6+ Kf7 40.Qh7+ Kf8 41.Re5 Rd1+ 42.Kg2 Rd2+
43.Kh3 Rd3+ 44.Kh4 Bxf5 45.Qh6+ Kf7 46.Rxe8 Kxe8 47.gxf5 Rd1 48.Qxg6+ Ke7
49.Qh7+ Kf8 50.Qg8+ Ke7 51.Qg7+ Qxg7 52.Rxg7+ Kf6 53.Rxb7 Kxf5 54.Rf7+ Kg6
55.Rc7 Kf5 56.Rf7+  1/2-1/2

[Event "TCh-FRA Nat1 GpB"]
[Site "Montpellier FRA"]
[Date "2004.04.01"]
[Round "4"]
[White "Kazhgaleyev,M"]
[Black "Salaun,Y"]
[Result "1-0"]
[WhiteElo "2568"]
[BlackElo "2345"]

1.d4 Nf6 2.c4 e6 3.Nf3 Bb4+ 4.Bd2 c5 5.Bxb4 cxb4 6.g3 O-O 7.Bg2 d6 8.Qb3 a5
9.O-O Qe7 10.a3 Na6 11.axb4 Nxb4 12.Nc3 d5 13.Ne5 Rd8 14.Rfc1 Ra6 15.cxd5 exd5
16.Na2 Nc6 17.Nxc6 bxc6 18.e3 Ne4 19.Nc3 Ng5 20.Qd1 Qf6 21.f4 Nh3+ 22.Kf1 Bf5
23.Qe2 Qg6 24.e4 Bc8 25.e5 Ra8 26.Ke1 Bf5 27.Nd1 h5 28.Ne3 Bd3 29.Qd2 Ng1
30.Kf2 Ne2 31.Rd1 Bb5 32.Bf1  1-0

[Event "ch-ISL"]
[Site "Reykjavik ISL"]
[Date "2004.04.03"]
[Round "1.4"]
[White "Thorsteinsson,T"]
[Black "Bjarnason,S"]
[Result "1-0"]
[WhiteElo "2278"]
[BlackElo "2329"]

1.d4 Nf6 2.c4 e6 3.Nf3 Bb4+ 4.Bd2 Qe7 5.g3 O-O 6.Bg2 Bxd2+ 7.Qxd2 Ne4 8.Qc2 Qb4+
9.Nbd2 Nxd2 10.Nxd2 Qe7 11.O-O d6 12.c5 dxc5 13.dxc5 Nc6 14.Rab1 a5 15.Bxc6 bxc6
16.Qe4 Ba6 17.Rfc1 Qd7 18.Qe3 Qd5 19.b3 Rfd8 20.Nf3 a4 21.Ne5 axb3 22.axb3 Bb5
23.Ra1 f6 24.Nf3 e5 25.h4 Rxa1 26.Rxa1 e4 27.Ne1 Qd2 28.Qxe4 Qxe2 29.Qxe2 Bxe2
30.f3 Kf7 31.Kf2 Bb5 32.g4 Rd2+ 33.Kg3 Ke7 34.Ng2 g6 35.g5 Rd5 36.gxf6+ Kxf6
37.Ra7 Rxc5 38.Rxc7 h6 39.Ne3 h5 40.Rd7 Re5 41.Rd6+ Kf7 42.Ng2 g5 43.Rh6 gxh4+
44.Kxh4 Rd5 45.Nf4 Rd2 46.Kg5 Rf2 47.Rf6+ Ke7 48.Ng6+ Kd7 49.Ne5+ Kc7 50.b4 Re2
51.Ng6 Rb2 52.Rf4 Kb6 53.Ne5 Rh2 54.Rf7 Ba6 55.Rf5 h4 56.Nd7+ Kc7 57.Nc5 Bb5
58.Rf7+ Kd6 59.Rd7+ Ke5 60.f4+  1-0

[Event "10th Schloss Open"]
[Site "Werther GER"]
[Date "2004.04.03"]
[Round "2"]
[White "Gelashvili,T"]
[Black "Topolewski,D"]
[Result "1-0"]
[WhiteElo "2535"]
[BlackElo "2287"]

1.d4 e6 2.c4 Nf6 3.Nf3 Bb4+ 4.Bd2 Qe7 5.g3 Nc6 6.Nc3 Bxc3 7.Bxc3 Ne4 8.Rc1 d6
9.d5 Nxc3 10.Rxc3 Nb8 11.Bg2 a5 12.O-O e5 13.c5 dxc5 14.Nxe5 O-O 15.Nd3 Na6
16.Re1 Rb8 17.e4 Rd8 18.a3 b5 19.a4 c4 20.Nf4 Bd7 21.axb5 Bxb5 22.e5 Nc5
23.Qd4 Rb6 24.d6 cxd6 25.Nd5 Qa7 26.Nxb6 Qxb6 27.exd6 Rxd6 28.Qxc4 Rd1 29.Re3 Ne6
30.Qb3 Rxe1+ 31.Rxe1 g6 32.Rxe6  1-0

[Event "TCh-FRA Nat1 GpB"]
[Site "Montpellier FRA"]
[Date "2004.04.04"]
[Round "7"]
[White "Dorfman,J"]
[Black "Borne,N"]
[Result "1-0"]
[WhiteElo "2608"]
[BlackElo "2320"]

1.d4 Nf6 2.c4 e6 3.Nf3 Bb4+ 4.Bd2 Qe7 5.g3 Nc6 6.Nc3 Bxc3 7.Bxc3 Ne4 8.Rc1 O-O
9.Bg2 d6 10.d5 Nd8 11.Nd2 Nxd2 12.Qxd2 e5 13.O-O f5 14.f4 Nf7 15.e4 fxe4
16.fxe5 Nxe5 17.Rxf8+ Qxf8 18.Bxe5 dxe5 19.Bxe4 Bf5 20.Bg2 Qe7 21.Qe3 e4
22.Rf1 Bg6 23.Bh3 h6 24.Be6+ Kh7 25.h4 b6 26.h5 Bxh5 27.Qxe4+ Bg6 28.Bg8+  1-0

[Event "Open ch-NOR"]
[Site "Oslo NOR"]
[Date "2004.04.10"]
[Round "8"]
[White "Brynell,S"]
[Black "Hansen,TR"]
[Result "1/2-1/2"]
[WhiteElo "2458"]
[BlackElo "2388"]

1.d4 Nf6 2.c4 e6 3.Nf3 Bb4+ 4.Bd2 Qe7 5.g3 Nc6 6.Nc3 O-O 7.Bg2 d6 8.O-O a5
9.a3 Bxc3 10.Bxc3 a4 11.Qc2 e5 12.e3 Bg4 13.Nd2 Rfe8 14.d5 Nb8 15.Rae1 Nbd7
16.f3 Bh5 17.e4 Nc5 18.Bb4 Nfd7 19.Bh3 Bg6 20.Kh1 h6 21.Rf2 Bh7 22.Re3 Qg5
23.Re1 Qe7 24.Kg2 Bg6 25.Rc1 b6 26.Re1 Bh7 27.Bc3 Bg6 28.Kg1 Nf6 29.Bb4 Nfd7
30.Rg2 Qg5 31.Rf2 Qe7 32.Kh1 Bh7 33.Bf1 Rf8 34.Bh3 Rfe8 35.Bc3 Bg6 36.Ree2 Nf6
37.Bb4 Nfd7 38.Kg1 Bh7 39.Re3 Qg5 40.Re1 Qe7 41.Nb1 Nb3 42.Nc3 Ndc5 43.Nb5 Rf8
44.Bc3 Rae8 45.Rd1 Kh8 46.Re2 f6 47.Be1 Rf7 48.Bf2 Qf8 49.Rf1  1/2-1/2

[Event "42nd Doeberl Cup"]
[Site "Canberra AUS"]
[Date "2004.04.11"]
[Round "5"]
[White "Skiotis,P"]
[Black "Froehlich,P"]
[Result "0-1"]
[WhiteElo "2216"]
[BlackElo "2397"]

1.d4 Nf6 2.c4 e6 3.Nf3 Bb4+ 4.Bd2 Qe7 5.g3 Nc6 6.Bg2 Bxd2+ 7.Nbxd2 d6 8.O-O e5
9.d5 Nb8 10.e4 a5 11.c5 O-O 12.cxd6 cxd6 13.Ne1 b5 14.b4 axb4 15.Nd3 Ra4
16.Nb2 Ra3 17.Nb1 Ra5 18.Nd3 Na6 19.Qd2 Bd7 20.Nxb4 Nxb4 21.Qxb4 Ra4 22.Qe1 b4
23.Qe3 Rfa8 24.Qb6 R8a6 25.Qb7 Qd8  0-1

[Event "10th WDB Easter Open"]
[Site "Essen GER"]
[Date "2004.04.11"]
[Round "8"]
[White "Becker,Marce"]
[Black "Eismont,I"]
[Result "0-1"]
[WhiteElo "2299"]
[BlackElo "2311"]

1.d4 Nf6 2.c4 e6 3.Nf3 Bb4+ 4.Bd2 Qe7 5.g3 b6 6.Bg2 Bb7 7.O-O Bxd2 8.Qxd2 O-O
9.Nc3 d6 10.Rfe1 Nbd7 11.e4 Rfd8 12.Qc2 Nf8 13.Rad1 c5 14.d5 e5 15.Rf1 Bc8
16.Ne1 a6 17.a4 Bd7 18.Nd3 Ng6 19.Rde1 Rdb8 20.Kh1 b5 21.b3 Ra7 22.f4 Rab7
23.f5 Nf8 24.Bf3 bxc4 25.bxc4 Qd8 26.g4 h6 27.Rg1 N6h7 28.Rb1 Qh4 29.Rxb7 Rxb7
30.Nb1 Ng5 31.Nd2 Nfh7 32.Bd1 Nh3 33.Nf3 Qf6 34.Rg3 Nf4 35.Nfxe5 dxe5 36.Nxc5 Rc7
37.Nxd7 Rxd7 38.c5 Rc7 39.Rb3 Nf8 40.c6 Qd6 41.Qc4 Nd7 42.Qxa6 Kh7 43.Qc4 Nc5
44.Rb5 Rxc6 45.dxc6 Qxd1+  0-1

[Event "ACP Blitz Prelim1"]
[Site "playchess.com INT"]
[Date "2004.04.12"]
[Round "10"]
[White "Komarov,D"]
[Black "Pelletier,Y"]
[Result "1/2-1/2"]
[WhiteElo "2565"]
[BlackElo "2581"]

1.d4 e6 2.Nf3 Nf6 3.c4 Bb4+ 4.Bd2 a5 5.g3 b6 6.Bg2 Bb7 7.O-O Bxd2 8.Qxd2 O-O
9.Nc3 Ne4 10.Nxe4 Bxe4 11.d5 Na6 12.Ne5 Bxg2 13.Kxg2 Nc5 14.Rad1 d6 15.Nd3 Nxd3
16.Qxd3 e5 17.e4 Qe8 18.h4 f5 19.exf5 Qh5 20.f3 Qxf5 21.Qxf5 Rxf5 22.Rfe1 Raf8
23.Rd3 h5 24.Re4 Kh7  1/2-1/2

[Event "ACP Blitz Prelim3"]
[Site "playchess.com INT"]
[Date "2004.04.14"]
[Round "7"]
[White "Relange,E"]
[Black "Atarov,E"]
[Result "1-0"]
[WhiteElo "2505"]
[BlackElo "2138"]

1.d4 Nf6 2.Nf3 e6 3.c4 Bb4+ 4.Bd2 Qe7 5.g3 b6 6.Bg2 Bb7 7.O-O Bxd2 8.Qxd2 O-O
9.Re1 d6 10.Nc3 Ne4 11.Qc2 Nxc3 12.Qxc3 Nd7 13.e4 e5 14.d5 a5 15.b3 Bc8 16.a3 Nf6
17.b4 Bg4 18.Nd2 Nd7 19.f3 Bh5 20.Bh3 Bg6 21.Bxd7 Qxd7 22.c5 axb4 23.axb4 bxc5
24.bxc5 f5 25.cxd6 cxd6 26.Qc6 Qxc6 27.dxc6 Rxa1 28.Rxa1 fxe4 29.fxe4 Rc8
30.Rc1 Kf7 31.Nc4 Ke7 32.Nb6 Rc7 33.Nd5+ Kd8 34.Nxc7 Kxc7 35.Rc4 Be8 36.Kf2 Bxc6
37.Ke3 Kd7 38.Rc1 Ba4 39.Ra1  1-0

[Event "TCh-RUS w"]
[Site "Sochi RUS"]
[Date "2004.04.21"]
[Round "2"]
[White "Demina,J"]
[Black "Ubiennykh,E"]
[Result "1/2-1/2"]
[WhiteElo "2335"]
[BlackElo "2282"]

1.d4 Nf6 2.c4 e6 3.Nf3 Bb4+ 4.Bd2 a5 5.Qc2 d5 6.g3 O-O 7.Bg2 b6 8.O-O Bb7
9.cxd5 Bxd5 10.Bf4 Na6 11.Nc3 Bxc3 12.bxc3 c5 13.Qb2 cxd4 14.cxd4 Nh5 15.Bd2 Rb8
16.Rfc1 Nf6 17.Bf1 b5 18.Ne5 Ne4 19.Be1 Nd6 20.f3 Nc4 21.Nxc4 Bxc4 22.Bg2 a4
23.e4 Qd6 24.a3 Rfc8 25.g4 Qb6 26.Bf2 Qb7 27.Bg3 Ra8 28.Be1 Qd7 29.Bg3 h6
30.h4 Bb3 31.Bf1 Rd8 32.Bf2 Nc7 33.Rc5 Rab8 34.Rac1 Ne8 35.Qc3 Nd6 36.Bg3 Rb7
37.Rc7 Rxc7 38.Qxc7 Nc4 39.Qxd7 Rxd7 40.Bxc4 Bxc4 41.Bf2 Kf8 42.Be3 Ke7 43.Kf2 Kd6
44.Bd2 Kc6  1/2-1/2

[Event "Masters"]
[Site "Victoria AUS"]
[Date "2004.04.23"]
[Round "1"]
[White "Lukey,S"]
[Black "Solomon,SJ"]
[Result "1-0"]
[WhiteElo "2281"]
[BlackElo "2404"]

1.d4 Nf6 2.c4 e6 3.Nf3 Bb4+ 4.Bd2 Qe7 5.g3 Nc6 6.Bg2 Bxd2+ 7.Nbxd2 O-O 8.O-O e5
9.d5 Nb8 10.Qc2 a5 11.a3 Na6 12.Qc3 d6 13.b4 e4 14.Ne1 Bd7 15.Nc2 Rfe8 16.Ne3 b5
17.Nb3 a4 18.Nd4 bxc4 19.Qxc4 Qe5 20.Rac1 Reb8 21.Rfd1 Rb6 22.Qc2 Qe8 23.Nc4 Rbb8
24.e3 Bg4 25.Rd2 h5 26.h3 Bd7 27.Kh2 Rc8 28.Na5 Nb8 29.Nc4 Qe7 30.Ne2 Bb5
31.Nb6 Na6 32.Nxa8 Rxa8 33.Nd4 Bd3 34.Qxa4 Qd8 35.Nc6 Qe8 36.Qb3 Nb8 37.Nd4 Qe7
38.Bf1 Bxf1 39.Rxf1 Nfd7 40.Rc1 Ne5 41.Kg2 h4 42.Rdc2 Na6 43.Nc6 Qf6 44.Nxe5 dxe5
45.Kh2 Qf3 46.Qc4 hxg3+ 47.fxg3 Qxe3 48.Qc6 Rd8 49.Qxa6 Rd6 50.Qe2 Qxa3 51.Qxe4 Rg6
52.Rc3 Qa7 53.R1c2 Rf6 54.Rxc7 Rf2+ 55.Kg1 Re2+ 56.Rxa7 Rxe4 57.Rd2  1-0

[Event "6th Open"]
[Site "Dubai UAE"]
[Date "2004.04.24"]
[Round "6"]
[White "Bouaziz,S"]
[Black "Dizdar,G"]
[Result "1/2-1/2"]
[WhiteElo "2345"]
[BlackElo "2531"]

1.d4 Nf6 2.c4 e6 3.Nf3 Bb4+ 4.Bd2 c5 5.Bxb4 cxb4 6.a3 bxa3 7.Rxa3 O-O 8.Nc3 Nc6
9.e4 d6 10.Be2 e5 11.d5 Nb4 12.Nd2 a5 13.Na2 Nxa2 14.Rxa2 Qb6 15.O-O Nd7
16.Qb3 Qxb3 17.Nxb3 b6 18.Nd2 Ra6 19.f3 Nc5 20.Ra3 Bd7 21.Rfa1 Rfa8 22.b3 Kf8
23.Nb1 Ke7 24.Nc3 Kd8 25.Kf2 Ke7  1/2-1/2

[Event "TCh-RUS w"]
[Site "Sochi RUS"]
[Date "2004.04.24"]
[Round "5"]
[White "Khusnutdinova,L"]
[Black "Meshcheriakova,E"]
[Result "1/2-1/2"]
[WhiteElo "2233"]
[BlackElo "2206"]

1.Nf3 Nf6 2.d4 e6 3.c4 Bb4+ 4.Bd2 a5 5.Nc3 b6 6.g3 Bb7 7.Bg2 O-O 8.O-O d6
9.Qc2 Nbd7 10.Rad1 Qe7 11.Rfe1 Bxc3 12.Bxc3 Ne4 13.d5 Nxc3 14.Qxc3 e5 15.e4 Nc5
16.b3 c6 17.dxc6 Bxc6 18.Nh4 g6 19.Rd2 Rad8 20.Qe3 Kg7 21.Red1 h6 22.Bf3 Rd7
23.Ng2 Rfd8 24.Ne1 Rb7 25.Nc2 Rbb8 26.Bg2 Ba8 27.f3 Bb7 28.Na3 Bc6 29.Bh3 Na6
30.Nb1 a4 31.Nc3 axb3 32.axb3 Nc5 33.b4 Nb3 34.Nd5 Bxd5 35.Qxb3 Be6 36.Bxe6 fxe6
37.Kg2 Rbc8 38.Rd3 Rc6 39.R1d2 Qc7 40.c5 bxc5 41.bxc5 Rxc5 42.Qxe6 Rc2 43.Qd5 Rxd2+
44.Rxd2 Qf7 45.Qc6 Rf8 46.Qc3 Qe7 47.Rc2 Rf7 48.Rd2 Rf8 49.Rd5 Kh7 50.Qd3 Rf6
51.Qc3  1/2-1/2

[Event "ch-LTU"]
[Site "Vilnius LTU"]
[Date "2004.04.26"]
[Round "5"]
[White "Dambrauskas,V"]
[Black "Zagorskis,D"]
[Result "0-1"]
[WhiteElo "2303"]
[BlackElo "2470"]

1.d4 Nf6 2.c4 e6 3.Nf3 Bb4+ 4.Bd2 Qe7 5.a3 Bxd2+ 6.Qxd2 d6 7.Nc3 O-O 8.e3 e5
9.dxe5 dxe5 10.Qc2 e4 11.Nd2 Bf5 12.h3 Bg6 13.g4 h6 14.Be2 Nbd7 15.h4 Nc5
16.g5 hxg5 17.hxg5 Nh7 18.Nd5 Qxg5 19.O-O-O Qe5 20.b4 Nd3+ 21.Bxd3 exd3 22.Qb2 Qd6
23.Rdg1 Rfe8 24.e4 c6 25.c5 Qe5 26.Qxe5 Rxe5 27.Nc3 Rh5 28.f4 Rxh1 29.Rxh1 f5
30.Rg1 Nf8 31.exf5 Bxf5 32.Nde4 Bxe4 33.Nxe4 Ne6 34.Rf1 a5 35.Kb2 axb4 36.axb4 Nc7
37.Rf3 Nd5 38.Kb3 Re8 39.Nd2 Kf7 40.Nc4 Kf6 41.f5 Re1 42.Rxd3 Rb1+ 43.Nb2 Nxb4
44.Rd7 Na6 45.Kc2 Nxc5 46.Rd6+ Ke7 47.Rg6 Rf1 48.Rxg7+ Kf6 49.Rc7 Rxf5 50.Nc4 Ke6
51.Nb6 Rf7 52.Rc8 Nd7 53.Nc4 Kd5 54.Na5 Ne5 55.Rd8+ Kc5 56.Re8 Nc4 57.Nb3+ Kb4  0-1

[Event "6th Open"]
[Site "Dubai UAE"]
[Date "2004.04.27"]
[Round "8"]
[White "Kosasih,C"]
[Black "Roghani,A"]
[Result "1-0"]
[WhiteElo "2406"]
[BlackElo "2302"]

1.d4 e6 2.c4 Nf6 3.Nf3 Bb4+ 4.Bd2 Be7 5.Nc3 d5 6.g3 O-O 7.Bg2 dxc4 8.Qa4 a6
9.Qxc4 b5 10.Qb3 Bb7 11.O-O c5 12.dxc5 Nbd7 13.Be3 Nxc5 14.Bxc5 Bxc5 15.Rad1 Qb6
16.Ne1 Ng4 17.Nd3 Bxg2 18.Kxg2 Qc6+ 19.e4 Bd4 20.h3 Nf6 21.Nb4 Qb6 22.f3 Rac8
23.Ne2 Bc5 24.Nd3 Be3 25.Nb4 a5 26.Nc2 Bc5 27.Ncd4 b4 28.Rd2 h6 29.Rfd1 Rfd8
30.Qa4 Rc7 31.Qb5 Rcd7 32.Qxb6 Bxb6 33.Nb3 a4 34.Rxd7 Rxd7 35.Rxd7 Nxd7 36.Nbc1 Ne5
37.b3 a3 38.f4 Nc6 39.Nd3 f5 40.Kf3 Kf7 41.g4 g6 42.gxf5 exf5 43.exf5 gxf5
44.Kg2 Ke6 45.Kf3 Kd5 46.Ng3 Kd4 47.Ke2 Kc3 48.Nxf5  1-0

[Event "Corsica Hotels Masters"]
[Site "Bastia FRA"]
[Date "2004.04.29"]
[Round "5"]
[White "Skembris,S"]
[Black "Sulava,N"]
[Result "1/2-1/2"]
[WhiteElo "2439"]
[BlackElo "2478"]

1.d4 e6 2.c4 Nf6 3.Nf3 Bb4+ 4.Bd2 Qe7 5.g3 Nc6 6.Nc3 O-O 7.Bg2 Na5 8.b3 b6
9.O-O Bb7 10.Qc2 Rac8 11.Rfd1 c5 12.a3 Bxc3 13.Bxc3 Be4 14.Qb2 d5 15.dxc5 dxc4
16.Bxa5 bxa5 17.bxc4 Rxc5 18.Rac1 Rfc8 19.Ne5 Qc7 20.f4 Bd5 21.Qd4 h5 22.Bf3 Bxc4
23.Rxc4 Rxc4 24.Nxc4 Qxc4 25.Qxa7  1/2-1/2

[Event "Masters"]
[Site "Victoria AUS"]
[Date "2004.04.30"]
[Round "8"]
[White "Lukey,S"]
[Black "Froehlich,P"]
[Result "1/2-1/2"]
[WhiteElo "2281"]
[BlackElo "2397"]

1.d4 Nf6 2.c4 e6 3.Nf3 Bb4+ 4.Bd2 Qe7 5.g3 Nc6 6.Bg2 Bxd2+ 7.Nbxd2 d6 8.O-O a5
9.a3 e5 10.d5 Nb8 11.e4 a4 12.Qc2 Nfd7 13.b4 axb3 14.Nxb3 Na6 15.Ne1 Ndc5
16.Nd3 Nxd3 17.Qxd3 O-O 18.f4 Bd7 19.f5 f6 20.Qe3 Ba4 21.Nd2 Nc5 22.h4 Ra6
23.Bf3 Rfa8 24.Bd1 Qe8 25.g4 Bxd1 26.Rfxd1 Rb6 27.Ra2 Qa4 28.Rf1 Nb3 29.g5 Nxd2
30.Qxd2 Qxc4 31.gxf6 gxf6 32.Qh6 Qxa2 33.Qxf6 Rb1  1/2-1/2

[Event "ch-UKR Women"]
[Site "ALushta UKR"]
[Date "2004.05.05"]
[Round "2"]
[White "Maiko,J"]
[Black "Zdebskaja,N"]
[Result "0-1"]
[WhiteElo "2218"]
[BlackElo "2351"]

1.d4 Nf6 2.Nf3 e6 3.c4 Bb4+ 4.Bd2 Qe7 5.Nc3 O-O 6.g3 Bxc3 7.Bxc3 Ne4 8.Qc2 Nxc3
9.Qxc3 d6 10.Bg2 Nd7 11.O-O e5 12.b4 e4 13.Nd2 f5 14.Rfe1 c6 15.d5 Nf6 16.dxc6 bxc6
17.Nb3 f4 18.Nd4 Bd7 19.Nc2 e3 20.f3 Rae8 21.Rad1 fxg3 22.hxg3 Nh5 23.Qd4 Bf5
24.Nxe3 Nxg3 25.Nxf5 Nxf5 26.Qe4 Qb7 27.Qb1 Qb6+ 28.c5 dxc5 29.e4 cxb4+ 30.Kh2 Nd4
31.Qd3 c5 32.Qc4+ Kh8 33.Qd3 Qh6+ 34.Kg1 Qg5 35.Rf1 h5 36.Qd2 Rf4 37.Kh1 Qg3
38.Qe1 Rh4+ 39.Kg1 Qh2+ 40.Kf2 Rf8 41.Rd3 Rg4 42.Rg1 Qg3+ 43.Kf1 Rxf3+ 44.Rxf3 Qxf3+  0-1

[Event "FSGM May"]
[Site "Budapest HUN"]
[Date "2004.05.06"]
[Round "6"]
[White "Chernyshov,K"]
[Black "Paschall,W"]
[Result "1/2-1/2"]
[WhiteElo "2556"]
[BlackElo "2381"]

1.d4 Nf6 2.c4 e6 3.Nf3 Bb4+ 4.Bd2 a5 5.Qc2 Nc6 6.Nc3 d6 7.a3 Bxc3 8.Bxc3 Qe7
9.e3 e5 10.d5 Nb8 11.b3 O-O 12.Nd2 Ng4 13.h3 Nh6 14.O-O-O f5 15.f4 Nd7 16.Nf3 Nf7
17.Qxf5 Nc5 18.Qc2 exf4 19.exf4 Qe3+ 20.Kb2 Qxf4 21.Bd3 Nxd3+ 22.Qxd3 Bf5
23.Qd4 Qg3 24.Rhe1 Rae8 25.Rxe8 Rxe8 26.Rd2 Ne5 27.Nxe5 dxe5 28.Qf2 Qg5 29.Re2 Bg6
30.Bxa5 Rf8 31.Qe3 Qf5 32.Bxc7 Qb1+ 33.Kc3 b5 34.d6 bxc4 35.Rb2 Qd1 36.Qd2 Qg1
37.bxc4 Qa7 38.Rb3 Bf7 39.Bb6 Qa4 40.Qd3 Be6 41.d7 Bxd7 42.Bc5 Re8 43.Rb7 Be6
44.Re7 Rxe7 45.Bxe7 Qc6 46.Bb4 Kf7 47.Qe2 h6 48.h4 Kg8 49.g3 Qh1 50.Bd6 Qa1+
51.Kb4 Qb1+ 52.Kc5 Qb3 53.Bxe5 Qxa3+ 54.Kd4 Qa1+ 55.Ke4 Qb1+ 56.Ke3 Qc1+
57.Kd4 Qa1+ 58.Kc5 Qa3+ 59.Kd4  1/2-1/2